Textbook of photochemistry
Salvato in:
| Autore principale: | |
|---|---|
| Natura: | Libro |
| Lingua: | inglese |
| Pubblicazione: |
Discovery Publishers
2011.
|
| Tags: |
Aggiungi Tag
Nessun Tag, puoi essere il primo ad aggiungerne!!
|
MARC
| LEADER | 00000nam a22000007a 4500 | ||
|---|---|---|---|
| 008 | 211025b ||||| |||| 00| 0 eng d | ||
| 020 | |a 978-81-8356-846-3 | ||
| 100 | |a MISHRA, Shubhrata R. | ||
| 245 | |a Textbook of photochemistry |c Shubhrata R. Mishra |g 286p.; ill. | ||
| 260 | |b Discovery Publishers |c 2011. |h New Delhi |i 680289 |l QD601 .M68 |m Photochemistry. I. Title. |m Title. | ||
| 500 | |a “It includes index” | ||
| 942 | |a lcc |c BK |e j. o. ifatola |f 25/ 10/ 2021 | ||
| 952 | |0 0 |1 0 |2 lcc |4 0 |6 QD0601 M68 |7 0 |9 3666 |a HOL |b HOL |c QZ |d 2021-10-25 |l 0 |o QD601 .M68 |p 2021-67402 |r 2021-10-25 00:00:00 |w 2021-10-25 |y BK | ||
| 999 | |c 1821 |d 1821 | ||